|
|
|
|
| LEADER |
00759nta a2200217 i 4500 |
| 001 |
dipl123587 |
| 005 |
20220405131634.0 |
| 008 |
220301suuuu hu om 0|| hun d |
| 040 |
|
|
|a SZTE Diploma Repozitórium
|b hun
|
| 041 |
|
|
|a hun
|
| 100 |
1 |
|
|a Molnár László
|
| 245 |
1 |
0 |
|a Számítógépek az általános iskola statisztikájában
|h [elektronikus dokumentum] /
|c László Molnár
|
| 650 |
|
4 |
|a Pedagógusképzés
|
| 650 |
|
4 |
|a Natural sciences
|
| 650 |
|
4 |
|a Mathematics
|
| 650 |
|
4 |
|a Statistics and probability
|
| 650 |
|
4 |
|a Computer and information sciences
|
| 650 |
|
4 |
|a Social sciences
|
| 650 |
|
4 |
|a Educational sciences
|
| 700 |
1 |
|
|a Puskás Albert
|e ths
|
| 856 |
4 |
0 |
|u http://diploma.bibl.u-szeged.hu/id/eprint/123587/1/xxxx_molnar_laszlo.pdf
|z Dokumentum-elérés
|